000 00868nam a22001817a 4500
005 20241008104921.0
008 241008b |||||||| |||| 00| 0 eng d
100 _aBuenaobra, Nissi Abigail J.
_eauthor.
_962510
245 _aSocial network analysis on the information exchange of Sorsogon City's cdrrmc during typhoon nina /
_cNissi Abigail J. Buenaobra, Aries P. Austria, Hannah Trisha M. Calucin, Gianna C. Capacia, and Joel L. Dela Paz, Jr.
260 _aPhilippines;
_bLitera Trading Inc.,
_cJanuary-June 2019.
300 _aVolume 63, pages 49-76,
_billustration.
700 _aBuenaobra, Nissi Abigail J.
_eauthor.
_962511
700 _aAustria, Aries P.
_eauthor.
_962540
700 _aCalucin, Hannah Trisha M.
_eauthor.
_962541
700 _aCapacia, Gianna C.
_eauthor.
_962542
700 _aDela Paz, Jr., Joel L.
_eauthor.
_962543
942 _2ddc
_cPER
999 _c22334
_d22334